Catherine, empress of all the Russias
Αποθηκεύτηκε σε:
| Κύριος συγγραφέας: | |
|---|---|
| Μορφή: | Βιβλίο |
| Γλώσσα: | English |
| Δημοσίευση: |
London :
Harvill Press,
c1996.
|
| Θέματα: | |
| Ετικέτες: |
Προσθήκη ετικέτας
Δεν υπάρχουν, Καταχωρήστε ετικέτα πρώτοι!
|
MARC
| LEADER | 00000nam a2200000 a 4500 | ||
|---|---|---|---|
| 001 | 1/127331 | ||
| 008 | 230925s1978####enka ||| |||| ||eng|| | ||
| 020 | |a 1860460917 | ||
| 040 | |a GR-MyUa |b gre |c GR-MyUa |e AACR2 | ||
| 041 | 0 | |a eng | |
| 082 | 7 | |a 947.060924 |2 (23) | |
| 100 | 1 | |a Cronin, Vincent. | |
| 245 | 1 | 0 | |a Catherine, empress of all the Russias / |c Vincent Cronin. |
| 260 | |a London : |b Harvill Press, |c c1996. | ||
| 300 | |a 349 σ. : |b εικ. ; |c 22 εκ. | ||
| 504 | |a Βιβλιογραφία : σ. 325-335. Ευρετήριο. | ||
| 651 | 0 | |a Russia |x Kings and rulers |x Biography. | |
| 651 | 0 | |a Russia |x History |y Catherine II, 1762-1796. | |
| 852 | |a INST |b LESVOS |e 20230925 |h 947.060924 CRO |p 005100065101 |q 005100065101 |t BK |y 0 | ||
| 970 | |a Καμάτσου |b Δέσποινα |z 25-09-2023 | ||